Paris, France /

Testimonianza d'amore di una grande scrittrice verso la sua celeberrima patria adottiva, questo volume riprende l'ambientazione dell'Autobiografia di Alice B. Toklas, pur essendo stilisticamente vicino al più sperimentale C'era una volta gli americani. La Parigi degli anni Trenta fa da sfondo ad un...

Fuld beskrivelse

Saved in:
Bibliografiske detaljer
Hovedforfatter: Stein, Gertrude (Author)
Andre forfattere: Reina, Sarina
Format: Bog
Sprog:italiensk
Udgivet: Torino : EDT, [1997!
Serier:Viaggi e avventura ; 24
Fag:
Tags: Tilføj Tag
Ingen Tags, Vær først til at tagge denne postø!

MARC

LEADER 00000nam a22000007i 4500
001 IT\ICCU\LO1\0445531
003 ItRI
005 20260203192529.0
008 971203s1997 it |||||| ||||| |||||c
020 |a 8870633241 
040 |b ita  |c ct 
041 7 |a ita  |2 ISO-639-2 
082 |a 818.5203  |2 20 
100 1 |a Stein, Gertrude  |0 IT\ICCU\CFIV\060098  |4 aut 
240 1 0 |a Paris France  |9 Stein, Gertrude 
245 1 0 |a Paris, France /  |c Gertrude Stein. 
260 |a Torino :  |b EDT,  |c [1997! 
300 |a XI, 99 p. ;  |c 24 cm 
500 |a Trad. di Sarina Reina. 
520 |a Testimonianza d'amore di una grande scrittrice verso la sua celeberrima patria adottiva, questo volume riprende l'ambientazione dell'Autobiografia di Alice B. Toklas, pur essendo stilisticamente vicino al più sperimentale C'era una volta gli americani. La Parigi degli anni Trenta fa da sfondo ad un excursus a ruota libera, una sorta di raffinatissima conversazione sempre lontana dai luoghi comuni, sui francesi e sulla francesità che abbraccia le manifestazioni più varie della vita e del carattere nazionale. 
650 7 |a Parigi 
700 1 |a Reina, Sarina  |0 IT\ICCU\TO0V\331031 
830 0 |a Viaggi e avventura ;  |v 24  |0 IT\ICCU\CFI\0171609 
942 |2 ddc  |c BK 
952 |0 0  |1 0  |2 ddc  |4 0  |6 B_LDV03STEGEPAR11  |7 0  |9 7916  |a MI  |b MI  |d 2013-12-02  |i 5980  |l 0  |o B-LDV03-STEGE-PAR11  |p CDOM5980  |r 2025-07-13 16:28:00  |w 2025-07-13  |x ACQUISTO  |y BK 
952 |0 0  |1 0  |4 0  |6 L_818_520000000000000_STE  |7 0  |9 16257  |a BO  |b BO  |d 2026-01-15  |i 19787  |l 0  |o L 818.520 STE  |p BO19787  |r 2026-01-15 23:19:18  |w 2026-01-15  |x [Sebina 5] [1 v.]  |y BK  |z 1 v. 
999 |c 6585  |d 6585